000 00833nam a2200205Ia 4500
008 0000001998 sp a 0000000000spa00
090 _aPSP00 R62s
100 1 _aRodríguez del Hoyo, Santiago
_d1960
245 1 0 _aSantiago Rodríguez del Hoyo
_b: pintura 9597
_c/ fotografía Ciuco Gutiérrez
300 _a24 p.
_c/ 29 cm.
500 _aExposición realizada en la Galería Angel Romero, Madrid, FebreroMarzo, 1998 \ Con el patronazgo del maestro venezolano Jesús Rafael Soto (q.e.p.d.)
600 0 0 _a RODRIGUEZ DEL HOYO, SANTIAGO, 1960/
_xTRABAJOS PICTORICOS
650 1 4 _a PINTURA ESPAÑOLA
650 1 4 _aARTE CONTEMPORANEO ESPAÑOL
650 1 4 _xCATALOGOS
650 1 4 _xEXPOSICIONES
650 1 4 _aPINTORES ESPAÑOLES
700 1 _aGutiérrez, Ciuco
999 _c1356
_d1356
260 _aMadrid : Galería ángel Romero
_c1998